| 000 | 01219nam a22003257a 4500 | ||
|---|---|---|---|
| 005 | 20101206113148.0 | ||
| 008 | 101206t xxu||||| |||| 00| 0 hin d | ||
| 010 | _aHIN-91841 | ||
| 020 |
_c175.00 _a9788191051490 |
||
| 035 | _aHN-64187 | ||
| 037 | _bDBAD/PUB | ||
| 040 |
_aDPL _bHN |
||
| 082 | _aउ | ||
| 100 |
_924598 _aरचना प्रकाश |
||
| 245 |
_aतपोवन / _cरचना प्रकाश |
||
| 246 |
_aTapovan _bby Rachna prakash |
||
| 260 |
_aहरियाणा _bगुप्ता प्रकाशन _c2010 |
||
| 270 |
_a1393,सेक्टर-16 फरीदाबाद _bहरियाणा (फरीदाबाद) |
||
| 300 |
_a139पृ. _c25सेमी (सजिल्द) |
||
| 600 | _925817 | ||
| 610 |
_aहिन्दी कथा साहित्य _925818 |
||
| 650 |
_91169 _aहिन्दी कथा साहित्य |
||
| 650 |
_aHindi Novel _925851 |
||
| 700 | _924599 | ||
| 700 | _925390 | ||
| 700 | _925450 | ||
| 700 | _925451 | ||
| 942 |
_2ddc _cHN _hउ _mरचना |
||
| 999 |
_c50461 _d50461 |
||